000 00326 a2200109 4500
001 ART_45246
005 20260410161756.0
008 260409a
245 1 0 _aSalidas no documentadas y proveedores apócrifos
100 1 _aGarcia Martin, A.
773 0 _tDoctrina tributaria
_g- Nº 453 (dic. 2017)
_wREV4296
999 _c20142
_d20142